MDQL
is popping MORE tags! Check the
thread
!
Quizzes
Events
Quiz Creation
Community
Videos
Private Events
Remove Ads
Sign In
Join for FREE
Feedback
Dark Mode
Quiz Categories
Sports
Geography
Music
Movies
Television
Just For Fun
Miscellaneous
History
Literature
Language
Science
Gaming
Entertainment
Religion
Holiday
For Kids
Quiz Lab
Recent
Popular Today
Quiz Kudos Today
Editor Picks
Curator Picks
Quizzes by...
Day
Popularity
Type
Ratings
Length
Year
Community
Subscriptions
Recent Discussions
Orange Saloon
Badges
Playlists
Quests
Create
Leaderboards
Showdown
Live 5
Trivia Bingo
Activity
Puzzle Library
Sporcle Events
Private Events
Virtual Trivia
Globe League
Become a Host
Pub Owners
SporcleCon
Opinionation
Our Games
Videos
Blog
Mobile Apps
Partnerships
Remove Ads and Go Orange
Feedback
Music
Pop Music
The Beatles
Song
Album
Lyrics
Bands
Singers
Artist
Clip
Rock
Rap
Classical
Billboard
Country Music
Kpop
Taylor Swift
Music
Pop Music
The Beatles
Song
Album
Lyrics
Bands
Singers
Artist
Clip
Rock
Rap
Classical
Billboard
Country Music
Kpop
Taylor Swift
Random Quiz
Search Sporcle
×
Quiz Lab
Quiz Lab
Music
Country
Type in answers that appear in a list
Type in answers that appear in a list
Classic
Best Score? Go Orange.
Eurovision Song Contest Bronze Medals Stats
Can you name all the third-placed countries in Eurovision?
By
mistystorm96
8m
66 Questions
242 Plays
242 Plays
242 Plays
Comments
Comments
Give Quiz Kudos
Give Quiz Kudos
-
- Ratings
hide this ad
Forced Order
Answers have to be entered in order
Answers have to be entered in order
Replay
Link that replays current quiz
Next Quiz
Link to next quiz in quiz playlist
You Got
0%
They Got
Avg Score
84%
Avg Friend Score
Upgrade to see
Score Distribution
Jump to the score distribution portion of the page
Score
0/66
Timer
08:00
0
Plays Today
Hint
Answer
% Correct
2016
Russia
98.8%
2003
Russia
98.3%
2011
Sweden
98.3%
2014
Sweden
98.3%
2007
Russia
97.9%
1996
Sweden
97.5%
1995
Sweden
97.1%
2002
United Kingdom
97.1%
1973
United Kingdom
96.7%
1983
Sweden
96.3%
1985
Sweden
96.3%
2019
Russia
96.2%
1980
United Kingdom
95.5%
2015
Italy
95.5%
1958
Italy
95%
1987
Italy
94.6%
1963
Italy
94.2%
1975
Italy
93.8%
2013
Ukraine
93.8%
2018
Austria
93.6%
2012
Serbia
93%
2017
Moldova
92.6%
1959
France
92.6%
1978
France
92.6%
1979
France
92.6%
1965
France
92.1%
1967
France
92.1%
1968
France
92.1%
1981
France
92.1%
1999
Germany
91.3%
1957
Denmark
91.3%
1966
Norway
90.9%
1988
Denmark
90.9%
Hint
Answer
% Correct
1989
Denmark
90.9%
1994
Germany
90.5%
2002
Estonia
90.5%
2001
Greece
90.1%
1970
Germany
89.7%
1971
Germany
89.7%
1972
Germany
89.7%
1993
Switzerland
89.7%
2008
Greece
89.7%
1990
Ireland
89.3%
2004
Greece
89.3%
1974
Netherlands
88.8%
2000
Latvia
88.8%
2005
Romania
88.8%
2010
Romania
88.8%
1961
Switzerland
88.4%
1982
Switzerland
88.4%
1984
Spain
88.4%
2009
Azerbaijan
88.4%
1977
Ireland
88%
1986
Luxembourg
87.6%
1991
Israel
87.6%
1962
Luxembourg
86.4%
1997
Turkey
85.5%
1998
Malta
84.3%
1992
Malta
83.9%
1960
Monaco
81.8%
1964
Monaco
81.8%
1976
Monaco
81.8%
2006
Bosnia and Herzegovina
78.9%
2021
Switzerland
77.8%
2022
Spain
77.8%
2023
Israel
77.8%
Quiz Playlist
Details
Report
Send in Message
Add To Playlist
Classic:
Type in answers that appear in a list
Forced Order:
Answers have to be entered in order
Last Updated: Jan 16, 2024
Quiz Scoreboard
CHALLENGE
Sign Up to Join the Scoreboard
Show All
Scores
Hide
Comments
May contain spoilers
Recently Published
Two Season TV Shows II
by 123Four
Television
10m
Image Sorting: Flags VI
by Barbecue
Geography
2m
Find the 'City' Movie
by crazypaving
Movies
60s
More to Explore
Quiz From the Vault
Featured Blog Post
14 Easter Pick-up Lines to Find Eggs With
hide this ad
You Might Also Like...
Tags
Country Quiz
Song Quiz
Bronze
contest
Eurovision
Medal
Today's Top Quizzes in Music
Browse Music
hide this ad
Today's Top Quizzes in Country
Browse Country
Top Contributed Quizzes in Music
1
5X2 Blitz: Bands II
2
5X2 Blitz: The Beatles
3
Taylor Swift All Songs (2024)
4
5X2 Blitz: Billboard
5
5X2 Blitz: Billboard II
6
5X2 Blitz: Album
7
5X2 Blitz: Singers
8
5X2 Blitz: Rock
9
Music Artist by Three 2010s hits
10
5X2 Blitz: Lyrics
Explore More
Trending Topics
Harry Potter
Marvel
Crossword
NBA
Kpop
Disney
Anime
Puzzle
Pokémon
WWE
The Office
Country
Song
Soccer
NFL
hide this ad
More By:
mistystorm96
Quiz
Plays
Rating
Category
Featured
Created
9-Letter Pokemon (GEN I-IX)
882
Gaming
Apr 12, 2017
7-Letter Pokemon (GEN I-IV)
421
Gaming
Apr 16, 2017
Disney Movies with Female Protagonists
257
4.75
Movies
Mar 21, 2017
Eurovision Song Contest Bronze Medals
242
5.00
Music
Mar 15, 2017
Fifth-Placed Countries in Eurovision Song Contest
240
4.00
Music
Mar 19, 2017
Go to Creator's Profile
Score Distribution
Quiz Creator Spotlight
mistystorm96
Follow
Send a Message
Quizzes Created
-
Created Quiz Play Count
-
More By This Creator
Popular Quizzes Today
1
Find the US States - No Outlines Minefield
2
Colored Red Africa Blitz
3
Find the 'City' Movie
4
5x2 Blitz: Bands
5
The Countries of the World
6
Find the Countries of Europe - No Outlines Minefield
7
Find the US States
8
US States
More Music Quizzes
Opening Lyrics - Eminem
Published
Trending Quizzes
Colored Red Europe Blitz I
Colored Red Africa Blitz II
Colored Red Europe Blitz II
Colored Red Africa Blitz III
Even More Two Season TV Shows
Recently Updated
March Madness Men's Triple Doubles
pecheneg
How Do You Spell That?
pecheneg
Godzilla Movies
pecheneg
Grab Bag: 4-10 Letters
pecheneg
2024 March Madness Bracket
pecheneg
Famous TV Couples
Peacemaker
Champions League XIs: Real Madrid
pecheneg
Largest US Cities 1790-2010
pecheneg
Rides in Walt Disney World
pecheneg
Most Oscar Losses (Acting)
pecheneg
Trending Topics
Disney
Crossword
Harry Potter
Marvel
Kpop
NBA
Anime
The Office
Soccer
Puzzle
WWE
Country
Pokémon
NFL
Song
Your Account Isn't Verified!
In order to create a playlist on Sporcle, you need to verify the email address you used during registration. Go to your
Sporcle Settings
to finish the process.
Report this User
Report this user for behavior that violates our
Community Guidelines
.
Details:
Send Report
Go to the Sporcle.com Mobile Site →
Comments